000 01872nam a22003137i 4500
003 DO-SdBNP
005 20260529143624.0
007 ta
008 240411b2023 dr a|||| |||| 00| 0 spa d
020 _a9789945648294
040 _aDO-SdBNP
_bspa
_cBNPHU
_erda
041 _aspa
082 4 _aRD863.44
_bR175b
_222
100 _aRamos, Emelda,
_d1948-
_eautor
_4aut.
_91915
245 1 0 _aBurn the river!=¡Quemen el río! /
_cEmelda Ramos
246 1 0 _a¡Quemen el río!
264 1 _aSanto Domingo, República Dominicana :
_bEditorial Santuario,
_c2023.
300 _a105 páginas :
_bilustraciones ;
_c23 cm.
336 _atexto
_2rdacontent
_btxt
337 _asin mediación
_bn
_2rdamedia
338 _avolumen
_bnc
_2rdacarrier
500 _aIncluye datos biográficos de la autora en las solapas
505 _aDedicatoria, 7.-- Aclaratoria, 9.-- Desapercibido, 11.-- Estelas de un oscuro tiempo, 17.-- Una mujer, un río, 24.-- Hojas de luz en la corriente, 47.-- Siembra y gavilla – El incendio se acerca, 63.-- La batalla jamás contada, 75.-- El combate del tiempo, 85.-- Los escombros del repudio, 89.-- El reencuentro con historia, 97.-- Índice de imágenes / Autobús de los años 60, 11.-- Muelle del Puerto de Santo Domingo. Época de la Intervención Norteamericana, 17.-- Galápago, silla de montar para mujer.-- Amazona y su caballo, 24.-- Río de orillas boscosas, 47.-- Histórica fotografía de Juanico y Fredesvinda en 1916, 63.-- Marines disparando.-- Río en llamas, 75.-- Cerro de la cruz y Loma azul, 85.-- Cuadro de Hans Zatzka : Ninfas en el lago del bosque, 89.-- Lo ofrendado a las Altagracia – Joya de mujer Revolver gavillero, 97.
590 _aInventariado, 2024 /LP
650 7 _aNovela dominicana
_2LEMB
_9223
650 7 _aLiteratura dominicana
_2LEMB
910 _aLP/Validado. Control de calidad MFF
942 _2ddc
_cLBS1
999 _c56344
_d56344